000 00365pab a2200145 454500
008 180718b1987 xxu||||| |||| 00| 0 eng d
100 _aRoy Sommanth
245 _aHealth systems research
260 _c1987
300 _a133-41
362 _aJul.-Sept.
650 _aHealth Services
773 _aHealth and Population - Perspectives and Issues
909 _a10079
999 _c10079
_d10079